000 00240nam a2200097Ia 4500
008 240331s9999 xx 000 0 und d
082 _bNAR
100 _aCalpauriks. ed
245 0 _aNarmada aattu pallaththakku thiddam :
_boru aiyvu
942 _cL
999 _c1494
_d1494